Desarrollo de un plan de marketing para la profesionalización de una empresa familiar de combustible /
Shranjeno v:
| Glavni avtor: | |
|---|---|
| Format: | Tesis Knjiga |
| Jezik: | španščina |
| Teme: | |
| Oznake: |
Brez oznak, prvi označite!
|
MARC
| LEADER | 00000nam^a2200000^a^4500 | ||
|---|---|---|---|
| 001 | 000312999 | ||
| 005 | 20250521000000.0 | ||
| 009 | 20260310113130.713 | ||
| 037 | |a Acervo ITESO - Biblioteca | ||
| 041 | |a ESP | ||
| 090 | |a MKT. 75 | ||
| 100 | |a Escobar Karras, Jésica |e (autor) | ||
| 245 | 1 | 0 | |a Desarrollo de un plan de marketing para la profesionalización de una empresa familiar de combustible / |c J. Escobar Karras. |
| 264 | |a Guadalajara, México : |b edición de autor, |c 2011 | ||
| 300 | |a 1 disco compacto de computadora | ||
| 336 | |a datos para computadora |b cod |2 rdacontenido | ||
| 337 | |a computadora |b c |2 rdamedio | ||
| 338 | |a disco de computadora |b cd |2 rdasoporte | ||
| 502 | |a ITESO Tesis de Maestría en Mercadotecnia Global | ||
| 649 | |a XX | ||
| 650 | |a Empresa Familiar - |z Michoacán - |x Administración - |x Tema Principal | ||
| 650 | |a Gasolinerías - |z Michoacán - |x Administración - |x Tema Principal | ||
| 650 | |a Exito Administrativo | ||
| 650 | |a Posicionamiento del Producto - |x Tema Principal | ||
| 650 | |a Estrategia Mercadotécnica - |x Tema Principal | ||
| 650 | |a Administración Financiera | ||
| 650 | |a Mercadotecnia | ||
| 650 | |a Ciencias Administrativas | ||
| 910 | |a Fondo General | ||
| 920 | |a Electrónicos - Tesis del ITESO en Disco | ||
| 905 | |a 202 | ||
| 901 | |a 0500199801 |b IT2 |c STS |i D56609 |u 20250521 | ||
| 902 | |a https://opac.biblio.iteso.mx/vufind/Record/000312999 | ||